00329nam a2200097Ia 4500008004100000245007200041245001700113260000900130650004400139856004800183171204s9999 xx 000 0 und d aUnderstanding and Enriching Problem Solving in Primary Mathematics: cPatrick Barm c2014 xField Study 4: Exploring the Curriculum uhttp://down.ebook777.com/040/1909330698.pdf